000 00317nam a22001337a 4500
008 170516b xxu||||| |||| 00| 0 eng d
020 _a9780198143857
041 _aeng
080 _a94(4)
100 _a16
101 _aSHH
245 _aOXFORD ILLUSTRARED PREHISTORY OF EUROPE
_cCUNLIFFE.B
942 _2udc
_cBK
999 _c13429
_d13429